| 000 | 00000nam##2200000za#4500 |
| 001 | 9.695565 |
| 003 | CaOODSP |
| 005 | 20250319164423 |
| 007 | cr ||||||||||| |
| 008 | 150407|1998||||xxc|||||o f|0| 0 eng|d |
| 040 | |aCaOODSP|beng |
| 043 | |an-cn--- |
| 086 | 1 |aH88-3/20-1998E-PDF |
| 110 | 1 |aCanada.|bDivision of Aging and Seniors. |
| 245 | 10|aReaching out : |h[electronic resource]|ba guide to communicating with Aboriginal seniors |
| 260 | |aOttawa - Ontario : |bHealth Canada. |cc1998. |
| 300 | |a54p.|bgraphs, illus., references |
| 500 | |aThe catalogue number (H88-3/20-1998E) and ISBN (0-662-26516-5) for the print edition have been incorrectly copied in this electronic publication. |
| 520 | 3 |aReaching out suggests ways to package and deliver information to improve the chances it will reach Aboriginal seniors and be understood. The strength of this approach lies in its origin: knowledge, experience and direction provided by Aboriginal seniors living in several communities across Canada.--Introduction, p.8 of 54. |
| 590 | |a12-17-Supp|b2012-04-20 |
| 690 | 07|aInterpersonal relations|2gcpds |
| 690 | 07|aIndigenous peoples|2gcpds |
| 690 | 07|aSeniors|2gcpds |
| 775 | 08|tTendons la main : |w(CaOODSP)9.639699 |
| 776 | 0#|tReaching out : |w(CaOODSP)9.646842 |
| 856 | 40|ahttp://publications.gc.ca|qPDF|s621 KB|uhttps://publications.gc.ca/collections/Collection/H88-3-20-1998E.pdf |